书目信息 |
| 题名: |
弹性力学及有限单元法
|
|
| 作者: | 杨骊先 编著 | |
| 分册: | ||
| 出版信息: | 杭州 浙江大学出版社 2002.03 |
|
| 页数: | 207页 | |
| 开本: | 26cm | |
| 丛书名: | ||
| 单 册: | ||
| 中图分类: | O343 | |
| 科图分类: | ||
| 主题词: | 弹性力学--dan xing li xue--高等学校--教材 , 有限元法--you xian yuan fa--高等学校--教材 | |
| 电子资源: | ||
| ISBN: | 7-308-02534-9 | |
| 000 | 00922nam0 2200241 450 | |
| 001 | 012007160056 | |
| 005 | 20071010103022.25 | |
| 010 | @a7-308-02534-9@dCNY20.00 | |
| 100 | @a20050315d2002 km y0chiy0120 ea | |
| 101 | 0 | @achi |
| 102 | @aCN@b330000 | |
| 105 | @aa a 000yy | |
| 200 | 1 | @a弹性力学及有限单元法@Adan xing li xue ji you xian dan yuan fa@f杨骊先编著@Fyang li xian bian zhu |
| 210 | @a杭州@c浙江大学出版社@d2002.03 | |
| 215 | @a207页@c图@d26cm | |
| 320 | @a有书目 (第207页)。 | |
| 330 | @a本书全面系统地阐述了弹性力学及有限单元法的基本原理, 对于工程结构分析中必须掌握的弹性力学平面问题的直角坐标解法、极坐标解法以及扭转问题和薄板弯曲作了重点介绍。书中配有一定数量的解例和习题。 | |
| 606 | 0 | @a弹性力学@Adan xing li xue@x高等学校@j教材 |
| 606 | 0 | @a有限元法@Ayou xian yuan fa@x高等学校@j教材 |
| 690 | @aO343@v4 | |
| 701 | 0 | @a杨骊先@Ayang li xian@4编著 |
| 801 | 0 | @aCN@c20071010 |
| 905 | @dO343@eY227 | |
| 弹性力学及有限单元法/杨骊先编著.-杭州:浙江大学出版社,2002.03 |
| 207页:图;26cm |
| ISBN 7-308-02534-9:CNY20.00 |
| 本书全面系统地阐述了弹性力学及有限单元法的基本原理, 对于工程结构分析中必须掌握的弹性力学平面问题的直角坐标解法、极坐标解法以及扭转问题和薄板弯曲作了重点介绍。书中配有一定数量的解例和习题。 |
| ● |
| 相关链接 |
|
|
|
正题名:弹性力学及有限单元法
索取号:O343/Y227
 
预约/预借
| 序号 | 登录号 | 条形码 | 馆藏地/架位号 | 状态 | 备注 |
| 1 | 243712 | 202437121 | 自科库401/401自科库 53排1列2层/ [索取号:O343/Y227] | 在馆 | |
| 2 | 243713 | 202437130 | 自科库401/401自科库 53排1列2层/ [索取号:O343/Y227] | 在馆 | |
| 3 | 243714 | 202437149 | 自科库401/401自科库 53排1列2层/ [索取号:O343/Y227] | 在馆 |